000 00825nas a2200265 4500
001 BR0808085
003 BR-BrBNA
005 20231205112810.0
007 ta
008 230509b bl.|||p| |||| 00| 00por d
040 _aBR-BrBNA
_bpor
_cBiblioteca Nacional de Agricultura
041 _a(Pt)
072 _aL40; L50
100 1 _aSouza, W.M. de
100 1 _aMigliano, M.A.
100 1 _aPrada, I.L. de S.
100 1 _aDidio, L.J.A.
245 1 _aAs vias bilíferas do tatus (Dasypus novencinctus e Euphractus sexcinctus)
650 _aTATU
650 _aANATOMIA ANIMAL
650 _aBIOLOGIA ANIMAL
773 0 _tBrazilian Journal of Veterinary Research and Animal Science (Brazil)
_xISSN 1413-9596
_g(1994), v. 31(2) p. 113-117
_wBR0808085
909 _a202311
_bLúcia
_c55
_dLúcia Elande
942 _2AGRIS
_n0
_cANA
999 _c200053
_d200053